[Event "SRB-chT2 West"]
[Site "Arandjelovac"]
[Date "2018.10.04"]
[Round "6.6"]
[White "Kolognat, Petar"]
[Black "Stojanovic, Dobrisav"]
[Result "1/2-1/2"]
[WhiteElo "2329"]
[BlackElo "2303"]
[PlyCount "38"]
[EventDate "2018.09.07"]
[EventType "team-tourn"]
[EventRounds "11"]
[EventCountry "SRB"]
[SourceTitle "EXT 2021"]
[Source "ChessBase"]
[SourceDate "2020.10.23"]
[SourceVersion "1"]
[SourceVersionDate "2020.10.23"]
[SourceQuality "1"]
[WhiteTeam "Krupanj"]
[BlackTeam "Prijepolje Priko"]
[WhiteTeamCountry "SRB"]
[BlackTeamCountry "SRB"]

1. d4 Nf6 2. Nf3 d5 3. e3 c5 4. c4 cxd4 5. exd4 Nc6 6. Nc3 e6 7. Bg5 Be7 8. Bd3 a6 9. 0-0 dxc4 10. Bxc4 b5 11. Bb3 Na5 12. Bc2 Bb7 13. Bxf6 Bxf6 14. Be4 0-0 15. Bxb7 Nxb7 16. Ne4 Nd6 17. Qd3 Nf5 18. Rfd1 Qd5 19. a4 bxa4 1/2-1/2

[Event "SRB-chT2 West"]
[Site "Arandjelovac"]
[Date "2018.09.09"]
[Round "4.6"]
[White "Burovic, Ismet"]
[Black "Stojanovic, Dobrisav"]
[Result "1/2-1/2"]
[WhiteElo "2332"]
[BlackElo "2303"]
[PlyCount "23"]
[EventDate "2018.09.07"]
[EventType "team-tourn"]
[EventRounds "11"]
[EventCountry "SRB"]
[SourceTitle "EXT 2021"]
[Source "ChessBase"]
[SourceDate "2020.10.23"]
[SourceVersion "1"]
[SourceVersionDate "2020.10.23"]
[SourceQuality "1"]
[WhiteTeam "Tutin"]
[BlackTeam "Prijepolje Priko"]
[WhiteTeamCountry "SRB"]
[BlackTeamCountry "SRB"]

1. e4 e5 2. f4 Bc5 3. Nf3 d6 4. c3 Bg4 5. Bc4 Nf6 6. fxe5 Bxf3 7. Qxf3 dxe5 8. d3 Nbd7 9. Be3 Qe7 10. Nd2 c6 11. a4 Bxe3 12. Qxe3 1/2-1/2

[Event "Valjevo Gvozdenovic Memorial"]
[Site "Valjevo"]
[Date "2016.12.08"]
[Round "5"]
[White "Stojanovic, Dobrisav"]
[Black "Vaibhav, Aggarwal"]
[Result "1-0"]
[WhiteElo "2304"]
[BlackElo "1957"]
[PlyCount "85"]
[EventDate "2016.12.05"]
[EventType "swiss"]
[EventRounds "9"]
[EventCountry "SRB"]
[EventCategory "5"]
[SourceTitle "CBM 176 Extra"]
[Source "ChessBase"]
[SourceDate "2017.03.02"]
[SourceVersion "1"]
[SourceVersionDate "2017.03.02"]
[SourceQuality "1"]

1. d4 d5 2. c4 e6 3. Nc3 Nf6 4. Bg5 Be7 5. e3 h6 6. Bh4 0-0 7. Rc1 b6 8. Nf3 Bb7 9. Bxf6 Bxf6 10. cxd5 exd5 11. Be2 Nd7 12. 0-0 c5 13. dxc5 Nxc5 14. Nd4 Qe7 15. Bb5 Bxd4 16. Qxd4 Ne6 17. Qe5 Qb4 18. b3 d4 19. exd4 Qxd4 20. Rfe1 Qxe5 21. Rxe5 Rfd8 22. Bc4 Nc5 23. Re7 Ba6 24. Bxf7+ Kf8 25. Rc7 Rdc8 26. Nd5 Bb7 27. R1xc5 bxc5 28. Rxb7 Rab8 29. Rxa7 Ra8 30. Rb7 Rxa2 31. h4 g5 32. hxg5 hxg5 33. Ne3 Rd8 34. Bc4 Ra1+ 35. Kh2 Rd2 36. Kg3 Raa2 37. Rf7+ Ke8 38. Rf5 Rab2 39. Ng4 Rbc2 40. Rxc5 Rc3+ 41. Kh2 Ke7 42. Re5+ Kd6 43. Rxg5 1-0

[Event "Valjevo Gvozdenovic Memorial"]
[Site "Valjevo"]
[Date "2016.12.05"]
[Round "1"]
[White "Stojanovic, Dobrisav"]
[Black "Paramentic, Mila"]
[Result "1-0"]
[WhiteElo "2304"]
[BlackElo "1920"]
[PlyCount "139"]
[EventDate "2016.12.05"]
[EventType "swiss"]
[EventRounds "9"]
[EventCountry "SRB"]
[EventCategory "5"]
[SourceTitle "CBM 176 Extra"]
[Source "ChessBase"]
[SourceDate "2017.03.02"]
[SourceVersion "1"]
[SourceVersionDate "2017.03.02"]
[SourceQuality "1"]

1. d4 d5 2. c4 e6 3. Nc3 Nf6 4. Bg5 Be7 5. e3 h6 6. Bh4 0-0 7. Qc2 b6 8. Nf3 Bb7 9. Bxf6 Bxf6 10. cxd5 exd5 11. Be2 Re8 12. 0-0 Qe7 13. Rfd1 Nd7 14. Rac1 c6 15. a3 g6 16. b4 Bg7 17. b5 Rac8 18. bxc6 Bxc6 19. Ba6 Rcd8 20. Qb3 Nb8 21. Bb5 Qd6 22. Qa4 Re7 23. Bxc6 Nxc6 24. Nxd5 Qxd5 25. Qxc6 Qa5 26. Qc3 Qf5 27. Qd3 Qg4 28. h3 Qh5 29. Rc6 Qa5 30. Rdc1 Red7 31. Qb3 Kh7 32. a4 Qf5 33. R1c4 Qd5 34. Qc2 Re8 35. Nd2 Qh5 36. Ne4 Qd5 37. Nc3 Qa5 38. Qb1 Qg5 39. Nb5 Ree7 40. Qb3 h5 41. Rc2 Bh6 42. Nd6 Qh4 43. Qd3 Bg7 44. e4 Qf4 45. g3 Qg5 46. e5 h4 47. Kg2 hxg3 48. Qxg3 Qh6 49. Nxf7 Rxf7 50. e6 Rxd4 51. exf7 Rxa4 52. Rc7 Rf4 53. Rxa7 Bf8 54. Rc8 Rf5 55. Rc4 Qd2 56. Rh4+ Kg7 57. Raa4 Bc5 58. Rhf4 Qd5+ 59. Rae4 Rxf7 60. Qc3+ Kg8 61. Qf3 Qg5+ 62. Kf1 Rxf4 63. Rxf4 Qe5 64. Qb3+ Kh8 65. Qf7 Qh5 66. Qe8+ Kg7 67. Rf7+ Kh6 68. Qh8+ Kg5 69. f4+ Kh4 70. Rh7 1-0

[Event "SRB-chT Central"]
[Site "Kraljevo"]
[Date "2014.09.20"]
[Round "10.5"]
[White "Djokic, Nebojsa"]
[Black "Stojanovic, Dobrisav"]
[Result "1-0"]
[WhiteElo "2180"]
[BlackElo "2367"]
[PlyCount "215"]
[EventDate "2014.09.13"]
[EventType "team-tourn"]
[EventRounds "11"]
[EventCountry "SRB"]
[SourceTitle "CBM 162 Extra"]
[Source "ChessBase"]
[SourceDate "2014.10.17"]
[SourceVersion "1"]
[SourceVersionDate "2014.10.17"]
[SourceQuality "1"]
[WhiteTeam "Veliko Gradiste"]
[BlackTeam "Valjevo 2005"]
[WhiteTeamCountry "SRB"]
[BlackTeamCountry "SRB"]

1. e4 e5 2. Nf3 Nc6 3. Bb5 a6 4. Ba4 Nf6 5. 0-0 Be7 6. Re1 b5 7. Bb3 d6 8. c3 0-0 9. d4 Bg4 10. Be3 Na5 11. dxe5 Bxf3 12. Qxf3 dxe5 13. Bc2 Nc4 14. Bc1 Qd7 15. b3 Nd6 16. Nd2 c5 17. Ba3 Rfc8 18. Rad1 Qe6 19. Nf1 b4 20. Bb2 Nb5 21. c4 Nd4 22. Qd3 Nh5 23. Ne3 Nf4 24. Qf1 Qg6 25. Kh1 Nfe6 26. Nd5 Bg5 27. Bb1 Ra7 28. Qd3 Qh5 29. Rf1 a5 30. g3 Qh6 31. Kg2 a4 32. h4 Bd8 33. Bc1 Qg6 34. Kh3 h5 35. f3 axb3 36. axb3 Rca8 37. Rd2 Ra1 38. Rg2 Qh7 39. Bb2 R1a6 40. f4 f6 41. f5 Nf8 42. g4 Nxb3 43. g5 fxg5 44. hxg5 Nd4 45. Kh2 h4 46. Qd1 h3 47. Rg3 Qh4 48. Rg4 Qh5 49. Rfg1 Ra2 50. Bxa2 Rxa2 51. Nf6+ Bxf6 52. gxf6 Rxb2+ 53. Kh1 g6 54. Rxg6+ Qxg6 55. fxg6 Rf2 56. Rf1 Rxf1+ 57. Qxf1 Nxg6 58. Qa1 Kf7 59. Qa7+ Kxf6 60. Qxc5 b3 61. Qb6+ Kg5 62. c5 Ne7 63. Qd8 Ndc6 64. Qd2+ Kg4 65. Qd1+ Kf4 66. Qxb3 Kxe4 67. Qc4+ Nd4 68. Kh2 Nec6 69. Kxh3 Kf4 70. Qd3 Nf3 71. Qd6 Nfd4 72. Kg2 Ke3 73. Qh6+ Kd3 74. Kf2 Kc4 75. Qc1+ Kd3 76. Qf1+ Kd2 77. Qe1+ Kd3 78. Qf1+ Kd2 79. Qc4 e4 80. Qa2+ Kd3 81. Qa6+ Kd2 82. Qa2+ Kd3 83. Qb1+ Kc4 84. Qxe4 Kxc5 85. Ke3 Kc4 86. Qd3+ Kd5 87. Qa6 Ke5 88. Qc4 Nf5+ 89. Kd3 Ncd4 90. Qc5+ Kf4 91. Qc7+ Kf3 92. Qe5 Kg4 93. Ke4 Kg5 94. Qf4+ Kf6 95. Qg4 Kf7 96. Ke5 Ke7 97. Qg8 Kd7 98. Qd5+ Kc7 99. Qc5+ Kd7 100. Kd5 Kd8 101. Qa7 Kc8 102. Qf7 Kd8 103. Kc5 Kc8 104. Qe8+ Kc7 105. Kd5 Kb7 106. Qd7+ Kb6 107. Kc4 Ka6 108. Qc7 1-0

[Event "SRB-chT Central"]
[Site "Kraljevo"]
[Date "2014.09.15"]
[Round "4.5"]
[White "Stojanovic, Dobrisav"]
[Black "Nenezic, Marko"]
[Result "0-1"]
[WhiteElo "2367"]
[BlackElo "2424"]
[PlyCount "118"]
[EventDate "2014.09.13"]
[EventType "team-tourn"]
[EventRounds "11"]
[EventCountry "SRB"]
[SourceTitle "CBM 162 Extra"]
[Source "ChessBase"]
[SourceDate "2014.10.17"]
[SourceVersion "1"]
[SourceVersionDate "2014.10.17"]
[SourceQuality "1"]
[WhiteTeam "Valjevo 2005"]
[BlackTeam "Kraljevo Sloga"]
[WhiteTeamCountry "SRB"]
[BlackTeamCountry "SRB"]

1. d4 Nf6 2. c4 g6 3. Nc3 Bg7 4. e4 d6 5. Nf3 0-0 6. Be2 Na6 7. 0-0 e5 8. Be3 Ng4 9. Bg5 Qe8 10. c5 exd4 11. Nd5 Be6 12. Ne7+ Kh8 13. Nxd4 Nxc5 14. Nxe6 Nxe6 15. Bxg4 Nxg5 16. Nd5 Qd8 17. Qc2 c6 18. Nc3 Ne6 19. Rad1 Qe7 20. Rfe1 Rad8 21. Re3 Qg5 22. Bxe6 fxe6 23. Qb3 Qe7 24. Qa3 Qc7 25. Red3 Qb6 26. R1d2 Be5 27. g3 g5 28. Kg2 c5 29. Qa4 a6 30. Qc4 Rde8 31. a4 Rf6 32. Rf3 Rxf3 33. Kxf3 Qd8 34. Kg2 Qf6 35. Nd1 Bd4 36. Qe2 Qe5 37. Qg4 Rf8 38. a5 Qf6 39. Rd3 Bxf2 40. Rxd6 Bd4 41. Qe2 Qe7 42. e5 Rf5 43. Rb6 c4 44. Qxc4 Bxb6 45. axb6 Rxe5 46. Qd4 Qf6 47. Ne3 g4 48. Kg1 h5 49. Qc3 Kg7 50. Qc7+ Kh6 51. Qc3 Qg7 52. Ng2 Rf5 53. Qe3+ Kh7 54. Qe4 Qxb2 55. Qxb7+ Kh6 56. Nf4 Qc1+ 57. Kg2 Qd2+ 58. Kf1 Re5 59. Ne2 Qd1+ 0-1

[Event "SRB-chT Central"]
[Site "Kraljevo"]
[Date "2014.09.14"]
[Round "3.3"]
[White "Nestorovic, Dejan"]
[Black "Stojanovic, Dobrisav"]
[Result "1-0"]
[WhiteElo "2425"]
[BlackElo "2367"]
[PlyCount "127"]
[EventDate "2014.09.13"]
[EventType "team-tourn"]
[EventRounds "11"]
[EventCountry "SRB"]
[SourceTitle "CBM 162 Extra"]
[Source "ChessBase"]
[SourceDate "2014.10.17"]
[SourceVersion "1"]
[SourceVersionDate "2014.10.17"]
[SourceQuality "1"]
[WhiteTeam "Petrovac"]
[BlackTeam "Valjevo 2005"]
[WhiteTeamCountry "SRB"]
[BlackTeamCountry "SRB"]

1. d4 d5 2. c4 c6 3. Nf3 Nf6 4. Nc3 Bf5 5. cxd5 Nxd5 6. e3 e6 7. Bc4 Nd7 8. 0-0 Bd6 9. Qe2 Nxc3 10. bxc3 e5 11. e4 Bg4 12. h3 Bxf3 13. Qxf3 Qe7 14. a4 0-0 15. Rb1 b6 16. Re1 exd4 17. cxd4 c5 18. Bd5 Rad8 19. Bb2 cxd4 20. Bxd4 Be5 21. Be3 Nf6 22. Bg5 h6 23. Bxf6 Qxf6 24. Qxf6 Bxf6 25. Rec1 Rd7 26. Rc6 Bd4 27. Rd1 Bc5 28. g3 Rfd8 29. Kg2 Kf8 30. Rd3 Rd6 31. Rxd6 Rxd6 32. f4 Ke7 33. e5 Rd7 34. Kf3 Rc7 35. Ke4 Bb4 36. Rb3 Be1 37. h4 Rc3 38. Rxc3 Bxc3 39. h5 Be1 40. g4 Bd2 41. Kf5 Bc1 42. g5 Bd2 43. Bf3 Be3 44. g6 fxg6+ 45. hxg6 Bd2 46. Be2 Bc1 47. Ke4 Bd2 48. f5 Bc3 49. Kd5 Bb2 50. Bh5 Kf8 51. Ke6 Bc3 52. f6 a6 53. Be2 b5 54. Bxb5 axb5 55. axb5 Bd4 56. fxg7+ Kxg7 57. Kd6 Kxg6 58. e6 Kf6 59. e7 Bc5+ 60. Kxc5 Kxe7 61. Kc6 Kd8 62. Kb7 h5 63. b6 h4 64. Ka7 1-0

[Event "SRB-chT2 West"]
[Site "Vrnjacka Banja"]
[Date "2013.10.11"]
[Round "2"]
[White "Stojanovic, Dobrisav"]
[Black "Markovic, Dragan P"]
[Result "1-0"]
[WhiteElo "2355"]
[BlackElo "2242"]
[PlyCount "63"]
[EventDate "2013.10.10"]
[EventType "team-tourn"]
[EventRounds "8"]
[EventCountry "SRB"]
[SourceTitle "EXT 2014"]
[Source "ChessBase"]
[SourceDate "2013.11.20"]
[SourceVersion "1"]
[SourceVersionDate "2013.11.20"]
[SourceQuality "1"]

1. d4 Nf6 2. c4 e6 3. Nf3 b6 4. g3 Bb7 5. Bg2 Be7 6. 0-0 0-0 7. Nc3 Ne4 8. Qc2 Nxc3 9. bxc3 f5 10. d5 Qc8 11. Rd1 Na6 12. e4 exd5 13. exd5 Nc5 14. Nd4 g6 15. h4 Bf6 16. h5 Ba6 17. hxg6 hxg6 18. g4 Bxc4 19. Bh6 Rf7 20. gxf5 g5 21. Nf3 Qd8 22. Rd4 Bd3 23. Qd2 Bxf5 24. Nxg5 Bxg5 25. Bxg5 Qf8 26. Bh6 Qd6 27. Re1 Qg6 28. Re3 Bg4 29. Rxg4 Qxg4 30. Rg3 Qxg3 31. fxg3 Re8 32. Qg5+ 1-0

[Event "BIH-chT 12th"]
[Site "Sarajevo"]
[Date "2013.06.20"]
[Round "6.5"]
[White "Vukic, Milan"]
[Black "Stojanovic, Dobrisav"]
[Result "1/2-1/2"]
[WhiteElo "2388"]
[BlackElo "2361"]
[PlyCount "131"]
[EventDate "2013.06.15"]
[EventType "team-tourn"]
[EventRounds "9"]
[EventCountry "BIH"]
[SourceTitle "CBM 155 Extra"]
[Source "ChessBase"]
[SourceDate "2013.08.26"]
[SourceVersion "1"]
[SourceVersionDate "2013.08.26"]
[SourceQuality "1"]
[WhiteTeam "Siroki Brijeg"]
[BlackTeam "Prijedor Rudar"]
[WhiteTeamCountry "BIH"]
[BlackTeamCountry "BIH"]

1. Nf3 Nf6 2. g3 d5 3. Bg2 Bg4 4. c4 c6 5. b3 e6 6. Bb2 Nbd7 7. 0-0 Be7 8. d4 0-0 9. Nc3 Qa5 10. Nd2 Rfd8 11. h3 Bh5 12. Qc1 Rac8 13. e4 dxe4 14. Ndxe4 Nxe4 15. Nxe4 Nf6 16. Nd2 Bb4 17. Nf3 Bg6 18. a3 Be7 19. Ne5 Be4 20. f3 Bg6 21. Qe3 Nd7 22. Nxg6 hxg6 23. f4 Bf6 24. Rf2 Nf8 25. Kh2 g5 26. fxg5 Qxg5 27. Qxg5 Bxg5 28. Rd1 Bf6 29. Rfd2 Rd6 30. Kg1 Rcd8 31. Kf2 Nd7 32. Ke2 Nc5 33. dxc5 Rxd2+ 34. Rxd2 Rxd2+ 35. Kxd2 Bxb2 36. b4 Bxa3 37. b5 cxb5 38. cxb5 Bxc5 39. Bxb7 Bf2 40. g4 Kh7 41. Ke2 Bh4 42. Kf3 Kg6 43. Kf4 Bd8 44. Be4+ Kh6 45. Bc6 Bc7+ 46. Kf3 Kg5 47. Be8 Kf6 48. h4 g6 49. g5+ Ke7 50. Bc6 Be5 51. Kg4 Bd4 52. h5 gxh5+ 53. Kxh5 Be3 54. Kg4 Bd2 55. Kh5 Kf8 56. Kg4 Kg7 57. Be4 Be3 58. Kh5 Kf8 59. Kg4 Bd2 60. Bc6 Ke7 61. Kh5 f5 62. gxf6+ Kxf6 63. Kg4 Ke5 64. Kf3 Kd4 65. Ke2 Bg5 66. Bd7 1/2-1/2

[Event "Gligoric Cup 1st"]
[Site "Banja Koviljaca"]
[Date "2013.05.22"]
[Round "3.6"]
[White "Vucinic, Gojko"]
[Black "Stojanovic, Dobrisav"]
[Result "0-1"]
[WhiteElo "2240"]
[BlackElo "2337"]
[PlyCount "92"]
[EventDate "2013.05.20"]
[EventType "team-swiss"]
[EventRounds "7"]
[EventCountry "SRB"]
[SourceTitle "CBM 154 Extra"]
[Source "ChessBase"]
[SourceDate "2013.06.25"]
[SourceVersion "2"]
[SourceVersionDate "2013.06.25"]
[SourceQuality "1"]
[WhiteTeam "Banovci Dunav"]
[BlackTeam "Valjevo"]
[WhiteTeamCountry "SRB"]
[BlackTeamCountry "SRB"]

1. e4 e5 2. Nf3 Nc6 3. Bb5 a6 4. Ba4 Nf6 5. 0-0 Be7 6. Re1 b5 7. Bb3 d6 8. c3 0-0 9. h3 Nb8 10. d4 Nbd7 11. Nbd2 Bb7 12. Bc2 Re8 13. Nf1 Bf8 14. d5 c6 15. dxc6 Bxc6 16. Bg5 h6 17. Bxf6 Nxf6 18. Ng3 g6 19. Qe2 Nd7 20. Red1 Qc7 21. Bb3 Nc5 22. Bd5 Bxd5 23. Rxd5 Qc6 24. Rdd1 Na4 25. Qd2 Rec8 26. Rac1 a5 27. Nh2 h5 28. h4 Kh7 29. Rc2 b4 30. c4 Nc5 31. Nf3 f6 32. Qe2 Ne6 33. Rd5 Nf4 34. Qd1 Nxd5 35. exd5 Qd7 36. Qd3 Kg7 37. Qe2 Be7 38. Ne4 Rab8 39. Rd2 Qg4 40. c5 f5 41. Nxd6 Bxd6 42. cxd6 e4 43. Rc2 Rxc2 44. Qxc2 exf3 45. Qc7+ Kh6 46. g3 Re8 0-1

[Event "Gligoric Cup 1st"]
[Site "Banja Koviljaca"]
[Date "2013.05.20"]
[Round "1.1"]
[White "Popovic, Dusan"]
[Black "Stojanovic, Dobrisav"]
[Result "1/2-1/2"]
[WhiteElo "2558"]
[BlackElo "2337"]
[PlyCount "92"]
[EventDate "2013.05.20"]
[EventType "team-swiss"]
[EventRounds "7"]
[EventCountry "SRB"]
[SourceTitle "CBM 154 Extra"]
[Source "ChessBase"]
[SourceDate "2013.06.25"]
[SourceVersion "2"]
[SourceVersionDate "2013.06.25"]
[SourceQuality "1"]
[WhiteTeam "Novi Sad DDOR"]
[BlackTeam "Valjevo"]
[WhiteTeamCountry "SRB"]
[BlackTeamCountry "SRB"]

1. e4 e5 2. Nf3 Nc6 3. Bb5 a6 4. Ba4 Nf6 5. 0-0 Be7 6. Re1 b5 7. Bb3 d6 8. c3 0-0 9. d4 Bg4 10. Be3 Na5 11. dxe5 Bxf3 12. Qxf3 dxe5 13. Bc2 Nc4 14. Bc1 Qc8 15. h3 Rd8 16. b3 Nd6 17. Nd2 c5 18. Nf1 c4 19. a4 Qc6 20. b4 g6 21. Bg5 Nde8 22. Ra2 Kg7 23. Rea1 Nc7 24. Ne3 Ng8 25. Bxe7 Nxe7 26. Qg3 f6 27. h4 Ne6 28. Qg4 Nf4 29. g3 h5 30. Qf3 Nd3 31. axb5 axb5 32. Rxa8 Rxa8 33. Rxa8 Qxa8 34. Bxd3 cxd3 35. Nd1 Qd8 36. Kf1 Nc8 37. Nb2 d2 38. Ke2 Nd6 39. Qd3 Qb6 40. f3 f5 41. Qd5 Kf6 42. Kxd2 fxe4 43. fxe4 Qf2+ 44. Kd1 Qf3+ 45. Kc1 Qe3+ 46. Kd1 Nxe4 1/2-1/2

[Event "BIH-chT 11th"]
[Site "Jahorina"]
[Date "2012.06.09"]
[Round "8.2"]
[White "Nikolic, Predrag"]
[Black "Stojanovic, Dobrisav"]
[Result "1-0"]
[WhiteElo "2635"]
[BlackElo "2350"]
[PlyCount "61"]
[EventDate "2012.06.02"]
[EventType "team-tourn"]
[EventRounds "9"]
[EventCountry "BIH"]
[SourceTitle "CBM 148 Extra"]
[Source "ChessBase"]
[SourceDate "2012.06.22"]
[SourceVersion "1"]
[SourceVersionDate "2012.06.22"]
[SourceQuality "1"]
[WhiteTeam "Sarajevo Bosna"]
[BlackTeam "Prijedor Rudar"]
[WhiteTeamCountry "BIH"]
[BlackTeamCountry "BIH"]

1. d4 d5 2. c4 c6 3. Nc3 Nf6 4. e3 e6 5. Nf3 Nbd7 6. Be2 a6 7. 0-0 b5 8. c5 Qc7 9. b4 a5 10. bxa5 e5 11. a4 Rxa5 12. Bd2 e4 13. Nxe4 Nxe4 14. Bxa5 Qxa5 15. axb5 Qc7 16. b6 Qb8 17. Ra7 Nc3 18. Qc2 Nxe2+ 19. Qxe2 Nxc5 20. dxc5 Bxc5 21. Ng5 Be7 22. Qf3 f6 23. Qh5+ g6 24. Rxe7+ Kxe7 25. Qh6 Rf8 26. Qg7+ Ke8 27. Nxh7 Rf7 28. Nxf6+ Ke7 29. Ng8+ Ke8 30. Qxg6 Kf8 31. Nh6 1-0

[Event "BIH-chT 11th"]
[Site "Jahorina"]
[Date "2012.06.06"]
[Round "5.3"]
[White "Stojanovic, Dobrisav"]
[Black "Kurajica, Bojan"]
[Result "0-1"]
[WhiteElo "2350"]
[BlackElo "2556"]
[PlyCount "102"]
[EventDate "2012.06.02"]
[EventType "team-tourn"]
[EventRounds "9"]
[EventCountry "BIH"]
[SourceTitle "CBM 148 Extra"]
[Source "ChessBase"]
[SourceDate "2012.06.22"]
[SourceVersion "1"]
[SourceVersionDate "2012.06.22"]
[SourceQuality "1"]
[WhiteTeam "Prijedor Rudar"]
[BlackTeam "Siroki Brijeg"]
[WhiteTeamCountry "BIH"]
[BlackTeamCountry "BIH"]

1. d4 Nf6 2. c4 e6 3. Nf3 b6 4. g3 Ba6 5. Qc2 c5 6. Bg2 Nc6 7. dxc5 Bxc5 8. 0-0 0-0 9. a3 Be7 10. b4 Bb7 11. Bb2 Rc8 12. Rd1 Qc7 13. Nbd2 h6 14. e4 d6 15. h3 Qb8 16. Rac1 Qa8 17. Qd3 Nd7 18. Qe2 a5 19. b5 Nce5 20. Nxe5 Nxe5 21. f4 Nd7 22. Nb3 e5 23. a4 Rc7 24. Ba3 exf4 25. gxf4 Re8 26. Nd4 Bf8 27. Re1 Nf6 28. Nc6 Bxc6 29. bxc6 Qxc6 30. e5 Qxa4 31. Ra1 Qb3 32. Qf2 dxe5 33. Bxf8 Rxf8 34. fxe5 Nd7 35. Bd5 Qxh3 36. Re3 Qg4+ 37. Rg3 Qh5 38. Re1 Kh8 39. Qf4 Nc5 40. Bf3 Ne6 41. Qe4 f5 42. exf6 Qc5+ 43. Kh1 Rxf6 44. Qg4 Qxc4 45. Qxc4 Rxc4 46. Bd5 Rh4+ 47. Kg1 Ng5 48. Re8+ Kh7 49. Kg2 Rd4 50. Rd8 Ne6 51. Rd7 Rxd5 0-1

[Event "Srpska Republic-chT 1st League"]
[Site "Banja Vrucica"]
[Date "2011.08.11"]
[Round "6"]
[White "Stojanovic, Dobrisav"]
[Black "Arsovic, Goran"]
[Result "1/2-1/2"]
[WhiteElo "2335"]
[BlackElo "2402"]
[PlyCount "21"]
[EventDate "2011.08.06"]
[EventType "team-tourn"]
[EventRounds "9"]
[EventCountry "BIH"]
[SourceTitle "EXT 2019"]
[Source "ChessBase"]
[SourceDate "2018.10.10"]
[SourceVersion "1"]
[SourceVersionDate "2018.10.10"]
[SourceQuality "1"]

1. d4 Nf6 2. c4 e6 3. Nf3 Bb4+ 4. Bd2 Qe7 5. Nc3 b6 6. g3 Bb7 7. Bg2 0-0 8. 0-0 Bxc3 9. Bxc3 Ne4 10. Qc2 f5 11. Nd2 1/2-1/2